| 000 | 00412cam a2200169ua 4500 | ||
|---|---|---|---|
| 003 | OSt | ||
| 008 | 250104b |||||||| |||| 00| 0 eng d | ||
| 041 | _aeng | ||
| 082 |
_a621.381 _bMIL/EL |
||
| 100 |
_aMillman, Jacob . _96774 |
||
| 245 | _aElectronics / | ||
| 250 | _a1 / | ||
| 260 |
_aNew York : _bMcGraw Hill Book Company , _c1951. |
||
| 300 | _a598 ; . | ||
| 700 | 1 |
_aSeely, Samuel . _96775 |
|
| 942 | _cBK | ||
| 999 |
_c1984 _d1984 |
||